3 Greatest Players From Every NBA Team - Statistics

General Stats
  • This quiz has been taken 174 times
    74 since last reset
  • The average score is 64 of 90
Answer Stats
Teams Years With Team Players % Correct
Cleveland Cavaliers 2003 - 20102014 - 2018 LeBron James
95%
2010 - 2014 LeBron James
95%
Chicago Bulls 1984 - 19931995 - 1998 Michael Jordan
95%
Golden State Warriors 2009 - Present Stephen Curry
94%
Dallas Mavericks 1998 - 2019 Dirk Nowitzki
92%
Los Angeles Lakers 1996 - 2016 Kobe Bryant
92%
Orlando Magic 1992 - 1996 Shaquille O'Neal
92%
2003 - 2011 David West
91%
1987 - 1998 Scottie Pippen
91%
Boston Celtics 1956 - 1969 Bill Russell
89%
Miami Heat 2003 - 2016 Dwyane Wade
89%
Houston Rockets 1984 - 2001 Hakeem Olajuwon
89%
Detroit Pistons 1981 - 1994 Isiah Thomas
89%
1975 - 1989 Kareem Abdul-Jabbar
89%
Milwaukee Bucks 1969 - 1975 Kareem Abdul-Jabbar
89%
1979 - 19911996 Magic Johnson
89%
2008 - 2019 Marc Gasol
89%
2001 - 2008 Pau Gasol
89%
2008 - 2019 Russell Westbrook
89%
2012 - 2019 Anthony Davis
88%
Utah Jazz 1985 - 2003 Karl Malone
88%
Oklahoma City Thunder/Super Sonics 2007 - 2016 Kevin Durant
88%
Minnesota Timberwolves 1995 - 2007 Kevin Garnett
88%
1979 - 1992 Larry Bird
88%
San Antonio Spurs 1997 - 2016 Tim Duncan
88%
2005 - 2011 Chris Paul
86%
Los Angeles Clippers 2011 - 2017 Chris Paul
86%
New Orleans Pelicans 2005 - 2011 Chris Paul
86%
2012 - 2021 James Harden
86%
Brooklyn Nets 2001 - 2008 Jason Kidd
86%
1984 - 2003 John Stockton
86%
1973 - 1976 Julius Erving
86%
Philadelphia 76ers 1976 - 1987 Julius Erving
86%
1976 - 1982 Moses Malone
86%
Phoenix Suns 1996 - 19982004 - 2012 Steve Nash
86%
Toronto Raptors 1998 - 2004 Vince Carter
84%
1996 - 2006 Allen Iverson
83%
1989 - 2003 David Robinson
83%
New York Knicks 1985 - 2000 Patrick Ewing
83%
Indiana Pacers 1987 - 2005 Reggie Miller
83%
1959 - 1965 Wilt Chamberlain
83%
1965 - 1968 Wilt Chamberlain
83%
2003 - 2011 Carmelo Anthony
81%
2012 - 2023 Damian Lillard
81%
Atlanta Hawks 1982 - 1994 Dominique Wilkins
81%
1992 - 1996 Charles Barkley
80%
2004 - 2021 Dwight Howard
80%
1988 - 1998;2000 Kevin Johnson
77%
Charlotte Hornets 1991 - 1996 Larry Johnson
77%
1970 - 1974 Oscar Robertson
77%
Sacramento Kings 1960 - 1970 Oscar Robertson
77%
Portland Trail Blazers 1983 - 1995 Clyde Drexler
75%
1990 - 2003 Gary Payton
73%
2011 - 2019 Kemba Walker
73%
2003 - 2010 Chris Bosh
70%
2000 - 2008 Jermaine O'Neal
69%
1962 - 1978 John Havlicek
69%
1993 - 1999 Penny Hardaway
69%
2000 - 20062009 - 2021 Ben Wallace
67%
2009 - 2018 Demar Derozan
67%
2008 - 2014 Kevin Love
66%
1965 - 19671972 - 1978 Rick Barry
64%
1974 - 1979 Bill Walton
63%
1954 - 1965 Bob Pettit
63%
1967 - 1977 Walt Frazier
63%
Washington Wizards 1968 - 1981 Wes Unseld
63%
Denver Nuggets 1980 - 1990 Alex English
61%
1974 - 1985 George Gervin
61%
1985 - 1999 Joe Dumars
61%
1972 - 1976 Bob McAdoo
59%
2005 - 2008 Alonzo Mourning
56%
1972 - 1981 Elvin Hayes
52%
1964 - 1974 Willis Reed
52%
1998 - 2005 Chris Webber
50%
1986 - 1995 Mark Price
48%
1981 - 1989 Buck Williams
45%
Memphis Grizzlies 2009 - 2017 Zach Randolph
45%
2003 - 2010 Gilbert Arenas
44%
1979 - 1986 Adrian Dantley
41%
1975 - 1982 David Thompson
41%
1979 - 1989 Sidney Moncrief
39%
1988 - 2000 Rik Smits
36%
1981 - 1989 Mark Aguirre
33%
1986 - 1996 Brad Daugherty
30%
2003 - 2005 Sam Cassell
30%
2001 - 2008 Elton Brand
27%
1963 - 1969 Jerry Lucas
27%
1966 - 1976 Jerry Sloan
20%
1983 - 1994 Derek Harper
19%
1966 - 1977 Lou Hudson
17%
No matching quizzes found
Score Distribution
Percent of People with Each Score
Percentile by Number Answered
Your Score History
You have not taken this quiz since the last reset